LIBRARY & INFORMATION CENTRE, KCAET, TAVANUR

ONLINE PUBLIC ACCESS CATALOGUE (OPAC)

Analytical methods for food additives (Record no. 13875)

MARC details
000 -LEADER
fixed length control field 00303nam a22001337a 4500
020 ## - INTERNATIONAL STANDARD BOOK NUMBER
ISBN 1855737221
082 ## - DEWEY DECIMAL CLASSIFICATION NUMBER
Classification number 664 WOO/AN
100 ## - MAIN ENTRY--AUTHOR NAME
Personal name Wood, Roger
100 ## - MAIN ENTRY--AUTHOR NAME
Personal name Foster, Lucy
245 ## - TITLE STATEMENT
Title Analytical methods for food additives
260 ## - PUBLICATION, DISTRIBUTION, ETC. (IMPRINT)
Place of publication Boca Raton
Name of publisher CRC Press
Year of publication 2004
300 ## - PHYSICAL DESCRIPTION
Number of Pages 258
942 ## - ADDED ENTRY ELEMENTS (KOHA)
Koha item type Books
Holdings
Withdrawn status Lost status Damaged status Collection code Home library Current library Shelving location Date acquired Source of acquisition Cost, normal purchase price Full call number Accession Number Koha item type
      Reference KAUAET KAUAET Reference1 31/03/2012 Universal Research Books, Thrissur 13136.00 664 WOO/AN 22583 Books
free website counter